[Event "San Francisco Leighton Memorial"]
[Site "San Francisco"]
[Date "2015.08.25"]
[Round "4"]
[White "Kokesh, Tim"]
[Black "Sarafian, Greg M"]
[Result "1-0"]
[WhiteElo "2014"]
[BlackElo "1861"]
[PlyCount "137"]
[EventDate "2015.08.04"]
[EventType "swiss"]
[EventRounds "9"]
[EventCountry "USA"]
[SourceTitle "EXT 2023"]
[Source "ChessBase"]
[SourceDate "2022.10.05"]
[SourceVersion "1"]
[SourceVersionDate "2022.10.05"]
[SourceQuality "1"]

1. d4 Nf6 2. c4 e6 3. Nf3 b6 4. g3 Bb7 5. Bg2 Be7 6. 0-0 0-0 7. d5 exd5 8. Nd4 Nc6 9. cxd5 Nxd4 10. Qxd4 Bc5 11. Qd3 a5 12. Nc3 Ba6 13. Qf3 Rb8 14. Re1 Bb7 15. Bf4 b5 16. e4 b4 17. Na4 Be7 18. Rad1 d6 19. b3 Nd7 20. Nb2 Ba6 21. Bf1 Bxf1 22. Kxf1 f5 23. e5 dxe5 24. Bxe5 Nxe5 25. Rxe5 Bf6 26. Re2 Ra8 27. Nd3 f4 28. Nxf4 Bg5 29. Re4 Qd6 30. Re6 Rxf4 31. gxf4 Qxf4 32. Qxf4 Bxf4 33. Kg2 a4 34. Rd4 Bd6 35. Rxd6 axb3 36. axb3 cxd6 37. Rxb4 Ra5 38. Rd4 Kf7 39. b4 Ra2 40. Rf4+ Ke7 41. Kf3 Ra3+ 42. Ke4 Rh3 43. Kd4 Rxh2 44. Kc4 h5 45. Kb5 g5 46. Rf5 Rg2 47. f4 h4 48. fxg5 h3 49. g6 h2 50. Rh5 Kf6 51. Kc6 Kxg6 52. Rh8 Kg7 53. Rh3 Rb2 54. b5 Kf6 55. b6 Ke5 56. Rh5+ Ke4 57. b7 Rc2+ 58. Kxd6 Rb2 59. Rh4+ Kf5 60. b8Q Rxb8 61. Rxh2 Kf6 62. Rf2+ Kg7 63. Kc7 Rb1 64. d6 Rc1+ 65. Kd8 Rd1 66. d7 Rd3 67. Rf5 Rd1 68. Kc7 Kg6 69. Rc5 1-0

[Event "San Francisco Leighton Memorial"]
[Site "San Francisco"]
[Date "2015.08.04"]
[Round "1"]
[White "James, Charles"]
[Black "Kokesh, Tim"]
[Result "0-1"]
[WhiteElo "1583"]
[BlackElo "2014"]
[PlyCount "52"]
[EventDate "2015.08.04"]
[EventType "swiss"]
[EventRounds "9"]
[EventCountry "USA"]
[SourceTitle "EXT 2023"]
[Source "ChessBase"]
[SourceDate "2022.10.05"]
[SourceVersion "1"]
[SourceVersionDate "2022.10.05"]
[SourceQuality "1"]

1. d4 Nf6 2. c4 c5 3. d5 b5 4. cxb5 a6 5. b6 g6 6. Nc3 Qxb6 7. e4 d6 8. a4 Bg7 9. Qc2 0-0 10. a5 Qb4 11. Ra4 Qb7 12. Bc4 Bd7 13. Ra3 Qb4 14. Ba2 Bb5 15. Bd2 Nbd7 16. Nb1 Qxe4+ 17. Qxe4 Nxe4 18. Bc3 Ne5 19. Bxe5 Bxe5 20. Nc3 Nxc3 21. bxc3 Rab8 22. c4 Bd7 23. Nf3 Bf6 24. 0-0 Rb2 25. Rb1 Rfb8 26. Rb3 R8xb3 0-1

[Event "San Francisco Neil Falconer op"]
[Site "San Francisco"]
[Date "2013.08.27"]
[Round "4"]
[White "Standen, Julian"]
[Black "Kokesh, Tim"]
[Result "1/2-1/2"]
[WhiteElo "1625"]
[BlackElo "2066"]
[PlyCount "64"]
[EventDate "2013.08.06"]
[EventType "swiss"]
[EventRounds "9"]
[EventCountry "USA"]
[SourceTitle "EXT 2016"]
[Source "ChessBase"]
[SourceDate "2015.10.08"]
[SourceVersion "1"]
[SourceVersionDate "2015.10.08"]
[SourceQuality "1"]

1. d4 e6 2. Nf3 c5 3. e3 Nf6 4. Bd3 d5 5. c3 Nc6 6. Nbd2 Bd6 7. 0-0 0-0 8. Qe2 e5 9. dxe5 Bxe5 10. h3 Re8 11. Nxe5 Nxe5 12. Nf3 Nxd3 13. Qxd3 Bd7 14. b3 Qb6 15. Re1 Bc6 16. Bb2 Rad8 17. Rad1 Qa5 18. Qb1 Ne4 19. c4 Nc3 20. Bxc3 Qxc3 21. cxd5 Rxd5 22. Rxd5 Bxd5 23. e4 Bc6 24. Re3 Qb4 25. e5 Bxf3 26. gxf3 Re6 27. Qd3 Rg6+ 28. Kh2 Qf4+ 29. Kh1 Qh4 30. Qf5 Re6 31. Kg2 h6 32. f4 Qe7 1/2-1/2

[Event "San Francisco Neil Falconer op"]
[Site "San Francisco"]
[Date "2013.08.13"]
[Round "2"]
[White "Kokesh, Tim"]
[Black "Bachseitz, Martin"]
[Result "1-0"]
[WhiteElo "2066"]
[BlackElo "1631"]
[PlyCount "61"]
[EventDate "2013.08.06"]
[EventType "swiss"]
[EventRounds "9"]
[EventCountry "USA"]
[SourceTitle "EXT 2016"]
[Source "ChessBase"]
[SourceDate "2015.10.08"]
[SourceVersion "1"]
[SourceVersionDate "2015.10.08"]
[SourceQuality "1"]

1. e4 e5 2. Nf3 Nc6 3. Bb5 a6 4. Ba4 Nf6 5. 0-0 b5 6. Bb3 Be7 7. Re1 0-0 8. c3 d6 9. h3 Na5 10. Bc2 c5 11. d4 Qc7 12. Nbd2 cxd4 13. cxd4 Nc6 14. d5 Nb4 15. Bb1 a5 16. Nf1 Bd7 17. Bd2 Na6 18. Ng3 b4 19. a3 Rab8 20. axb4 Nxb4 21. Bc3 Rfc8 22. Qd2 Qb6 23. Kh1 Rc5 24. Nh4 g6 25. f4 Nfxd5 26. Nhf5 gxf5 27. fxe5 Nxc3 28. bxc3 Na6 29. exf5 Bh4 30. Qh6 Bxg3 31. f6 1-0

[Event "San Francisco TNM Summer op"]
[Site "San Francisco"]
[Date "2013.06.18"]
[Round "4"]
[White "Kokesh, Tim"]
[Black "Allen, Tom"]
[Result "1-0"]
[WhiteElo "2119"]
[BlackElo "1565"]
[PlyCount "51"]
[EventDate "2013.05.28"]
[EventType "swiss"]
[EventRounds "8"]
[EventCountry "USA"]
[SourceTitle "EXT 2016"]
[Source "ChessBase"]
[SourceDate "2015.10.08"]
[SourceVersion "1"]
[SourceVersionDate "2015.10.08"]
[SourceQuality "1"]

1. e4 e5 2. Nf3 Nc6 3. Bb5 f5 4. Nc3 fxe4 5. Nxe4 d5 6. Nxe5 dxe4 7. Nxc6 Qd5 8. c4 Qd6 9. Qh5+ g6 10. Qe5+ Qxe5 11. Nxe5+ c6 12. Ba4 Ne7 13. d4 exd3 14. Bf4 Bg7 15. Nxd3 0-0 16. 0-0-0 Be6 17. Bd6 Bh6+ 18. f4 Rf7 19. Rhe1 Bxc4 20. Bxe7 Re8 21. Bg5 Rxe1 22. Nxe1 Bf8 23. Bb3 Bxb3 24. axb3 h6 25. Bh4 Rxf4 26. Nf3 1-0

[Event "San Francisco TNM Summer op"]
[Site "San Francisco"]
[Date "2013.06.11"]
[Round "3"]
[White "Newey, Richard H"]
[Black "Kokesh, Tim"]
[Result "1/2-1/2"]
[WhiteElo "1749"]
[BlackElo "2119"]
[PlyCount "146"]
[EventDate "2013.05.28"]
[EventType "swiss"]
[EventRounds "8"]
[EventCountry "USA"]
[SourceTitle "EXT 2016"]
[Source "ChessBase"]
[SourceDate "2015.10.08"]
[SourceVersion "1"]
[SourceVersionDate "2015.10.08"]
[SourceQuality "1"]

1. e4 c5 2. Nf3 e6 3. d4 cxd4 4. Nxd4 Nf6 5. Bd3 Nc6 6. Nxc6 bxc6 7. 0-0 d5 8. Qe2 Be7 9. exd5 cxd5 10. c4 0-0 11. cxd5 Nxd5 12. Bd2 Bb7 13. Rd1 Qb6 14. Nc3 Bf6 15. Nxd5 Bxd5 16. Bc3 Bxc3 17. bxc3 Qc6 18. Qh5 g6 19. Qg4 Qxc3 20. Rac1 Qa5 21. Bc4 Rad8 22. Bxd5 Rxd5 23. Rxd5 Qxd5 24. Qc4 Rd8 25. Qxd5 Rxd5 26. Kf1 Rd2 27. Ra1 Kf8 28. Ke1 Rb2 29. a4 a5 30. Ra3 Rb4 31. Ke2 Ke7 32. Kd2 e5 33. Ke2 Ke6 34. Kd2 h5 35. Ke2 Kd5 36. Rd3+ Rd4 37. Rf3 f5 38. Ra3 Kc4 39. h3 h4 40. g3 Kb4 41. Ra1 hxg3 42. fxg3 Rd6 43. Ke3 e4 44. Kf4 Kb3 45. g4 fxg4 46. hxg4 Re6 47. Ke3 Kb4 48. Ra2 Kc3 49. Ra1 Kb3 50. Rb1+ Kxa4 51. Rb7 Ka3 52. Rb5 a4 53. Rb7 Ka2 54. Rb5 a3 55. Rb7 Ka1 56. Rb5 a2 57. Rb4 Re5 58. Rb6 g5 59. Rb7 Rc5 60. Kxe4 Rc2 61. Kf5 Rb2 62. Ra7 Kb1 63. Rxa2 Rxa2 64. Kxg5 Kc2 65. Kf5 Kd3 66. g5 Ra5+ 67. Kf6 Ke4 68. g6 Rf5+ 69. Kg7 Ke5 70. Kh7 Kf6 71. g7 Rh5+ 72. Kg8 Rg5 73. Kh8 Rg1 1/2-1/2

[Event "San Francisco TNM Summer op"]
[Site "San Francisco"]
[Date "2013.06.04"]
[Round "2"]
[White "Kokesh, Tim"]
[Black "Shakhnazarov, Oleg"]
[Result "0-1"]
[WhiteElo "2119"]
[BlackElo "2198"]
[PlyCount "62"]
[EventDate "2013.05.28"]
[EventType "swiss"]
[EventRounds "8"]
[EventCountry "USA"]
[SourceTitle "EXT 2016"]
[Source "ChessBase"]
[SourceDate "2015.10.08"]
[SourceVersion "1"]
[SourceVersionDate "2015.10.08"]
[SourceQuality "1"]

1. e4 e5 2. Nf3 Nc6 3. Bb5 a6 4. Ba4 Nf6 5. 0-0 b5 6. Bb3 Be7 7. Re1 0-0 8. c3 d6 9. h3 Na5 10. Bc2 d5 11. exd5 e4 12. Ng5 h6 13. Nxe4 Nxd5 14. d4 f5 15. Ned2 Bd6 16. Nf3 Bb7 17. Nbd2 c5 18. dxc5 Bxc5 19. Nb3 Ba7 20. Nxa5 Qxa5 21. Nd4 Rad8 22. Be3 Nxe3 23. Rxe3 Qc7 24. Bb3+ Kh8 25. Qh5 Bb8 26. Qg6 Qh2+ 27. Kf1 Qh1+ 28. Ke2 Qxa1 29. Ne6 Qxb2+ 30. Kf1 Qb1+ 31. Re1 Qd3+ 0-1

[Event "San Francisco TNM Spring op"]
[Site "San Francisco"]
[Date "2013.04.02"]
[Round "3"]
[White "Kokesh, Tim"]
[Black "Anderson, Michael Gene"]
[Result "1-0"]
[WhiteElo "2110"]
[BlackElo "1953"]
[PlyCount "94"]
[EventDate "2013.03.19"]
[EventType "swiss"]
[EventRounds "8"]
[EventCountry "USA"]
[SourceTitle "EXT 2016"]
[Source "ChessBase"]
[SourceDate "2015.10.08"]
[SourceVersion "1"]
[SourceVersionDate "2015.10.08"]
[SourceQuality "1"]

1. d4 d5 2. c4 e5 3. dxe5 d4 4. Nf3 Nc6 5. g3 f6 6. exf6 Qxf6 7. Bg2 Bb4+ 8. Bd2 Bf5 9. 0-0 Bxd2 10. Nbxd2 g5 11. Qa4 Nge7 12. b4 0-0 13. b5 Nd8 14. Qa3 Ne6 15. e4 Bg4 16. e5 Qg7 17. Ne4 Kh8 18. Nf6 Bf5 19. Nd2 c6 20. g4 Bg6 21. Be4 a6 22. Kh1 axb5 23. Qd6 Nf4 24. Qxd4 bxc4 25. Bxg6 Nexg6 26. Nde4 Rad8 27. Qb2 Qe7 28. Nxg5 Qxe5 29. Qxb7 Ne7 30. Nfxh7 Qd5+ 31. f3 Qd2 32. Rg1 Rd7 33. Qb6 Ra8 34. Ne4 Qd3 35. Nhg5 Rf8 36. Qf2 Neg6 37. Rae1 Rg7 38. Nc5 Qd5 39. Nce4 Nd3 40. Qg3 Nxe1 41. Rxe1 c3 42. Rc1 c2 43. Qe1 Nf4 44. Rxc2 Rxg5 45. Rd2 Qa5 46. Qh4+ Rh5 47. gxh5 Qb6 1-0

[Event "San Francisco TNM Spring op"]
[Site "San Francisco"]
[Date "2013.03.26"]
[Round "2"]
[White "Sainz, Guadalupe"]
[Black "Kokesh, Tim"]
[Result "0-1"]
[WhiteElo "1871"]
[BlackElo "2110"]
[PlyCount "68"]
[EventDate "2013.03.19"]
[EventType "swiss"]
[EventRounds "8"]
[EventCountry "USA"]
[SourceTitle "EXT 2016"]
[Source "ChessBase"]
[SourceDate "2015.10.08"]
[SourceVersion "1"]
[SourceVersionDate "2015.10.08"]
[SourceQuality "1"]

1. d4 Nf6 2. c4 g6 3. Nc3 d5 4. cxd5 Nxd5 5. e4 Nxc3 6. bxc3 Bg7 7. Nf3 0-0 8. Be3 c5 9. Rb1 Nc6 10. Qd2 Qc7 11. h3 f5 12. Bc4+ Kh8 13. Bf4 e5 14. dxe5 Nxe5 15. Bd5 fxe4 16. Nxe5 Bxe5 17. Be3 Qa5 18. Rb3 Rd8 19. c4 Qc7 20. Rb5 b6 21. Qc2 Rxd5 22. Qxe4 Rd1+ 23. Kxd1 Bb7 24. Qg4 Rd8+ 25. Kc2 Bc8 26. Qe2 Bf5+ 27. Kc1 Bd3 28. Qg4 Qf7 29. Rd1 Rd4 30. Qc8+ Kg7 31. Kd2 Bxc4+ 32. Bxd4 Bxd4 33. Rb3 Qxf2+ 34. Kc1 Bxb3 0-1

[Event "San Francisco TNM Winter op"]
[Site "San Francisco"]
[Date "2013.01.22"]
[Round "3"]
[White "Kokesh, Tim"]
[Black "Ochoa, Jason"]
[Result "1-0"]
[WhiteElo "2118"]
[BlackElo "1913"]
[PlyCount "89"]
[EventDate "2013.01.08"]
[EventType "swiss"]
[EventRounds "8"]
[EventCountry "USA"]
[SourceTitle "EXT 2016"]
[Source "ChessBase"]
[SourceDate "2015.10.08"]
[SourceVersion "1"]
[SourceVersionDate "2015.10.08"]
[SourceQuality "1"]

1. e4 c5 2. Nf3 g6 3. d4 Bg7 4. Nc3 cxd4 5. Nxd4 Nc6 6. Be3 Nf6 7. Bc4 0-0 8. Bb3 Ng4 9. Qxg4 Nxd4 10. Qh4 Nxb3 11. axb3 b6 12. 0-0 Bb7 13. Rad1 f5 14. Bg5 Bf6 15. Bxf6 Rxf6 16. e5 Re6 17. f4 Qc7 18. Rf2 d6 19. Nb5 Qc5 20. Nd4 Qc8 21. Nxe6 Qxe6 22. exd6 exd6 23. Rfd2 Rc8 24. Re1 Be4 25. Qf2 d5 26. c3 Qd6 27. Rd4 Qc5 28. Qf1 a5 29. Qf2 Qb5 30. b4 a4 31. Qf1 Qc6 32. b5 Qc5 33. Ra1 Ra8 34. Qf2 Qxb5 35. Rb4 Qd3 36. Qxb6 Re8 37. Qf2 Ra8 38. h3 a3 39. Rxa3 Rxa3 40. bxa3 Qxc3 41. Qb2 Qe3+ 42. Kh2 Qxf4+ 43. g3 Qd6 44. Rb8+ Kf7 45. Rb7+ 1-0